[Event "LTU-chT"]
[Site "Lithuania"]
[Date "2023.04.22"]
[Round "6.4"]
[White "Narmontas, Raimondas"]
[Black "Buivydas, Skirmantas"]
[Result "1-0"]
[WhiteElo "1932"]
[BlackElo "1658"]
[PlyCount "187"]
[EventDate "2023.03.04"]
[EventType "team"]
[EventRounds "7"]
[EventCountry "LTU"]
[SourceTitle "EXT 2024"]
[Source "ChessBase"]
[SourceDate "2023.10.10"]
[SourceVersion "1"]
[SourceVersionDate "2023.10.10"]
[SourceQuality "1"]
[WhiteTeam "Siauliai Dubysa"]
[BlackTeam "Klaipeda Bokstas"]
[WhiteTeamCountry "LTU"]
[BlackTeamCountry "LTU"]

1. e4 d5 2. Nc3 dxe4 3. Nxe4 Nf6 4. Nxf6+ exf6 5. Nf3 Bd6 6. d4 0-0 7. Bd3 Re8+ 8. Be3 Bg4 9. Qd2 c6 10. 0-0-0 Nd7 11. h3 Be6 12. c4 Nf8 13. Kb1 a5 14. g4 b5 15. d5 cxd5 16. cxb5 Bb4 17. Qe2 a4 18. a3 Bd6 19. Nd4 Ng6 20. Qc2 Qd7 21. Rc1 Rec8 22. Nc6 Qb7 23. Bc5 Bf4 24. Rce1 Kh8 25. Bxg6 hxg6 26. Ne7 Bd6 27. Nxc8 Rxc8 28. Bxd6 Rxc2 29. Kxc2 Qxb5 30. Bb4 Qc4+ 31. Kd2 Qd4+ 32. Kc1 Qc4+ 33. Kd2 Qf4+ 34. Kc2 Qxf2+ 35. Kc1 d4 36. Rhf1 Qg3 37. Rg1 Qb3 38. Rg2 Qa2 39. Rf2 Qa1+ 40. Kc2 Qa2 41. Rf3 Qc4+ 42. Kd2 Qd5 43. Rg3 Qa2 44. Rgg1 Qb3 45. Kc1 d3 46. Kd2 Qc2+ 47. Ke3 f5 48. g5 f4+ 49. Kxf4 Qf2+ 50. Ke4 Bf5+ 51. Kd5 d2 52. Ref1 Qe3 53. Bc3 Bc2 54. Kc6 d1Q 55. Rxd1 Bxd1 56. Rxd1 Qxg5 57. Rd4 Qe3 58. h4 Kh7 59. Kb5 g5 60. Kxa4 Qe8+ 61. Ka5 Qa8+ 62. Kb4 Qb7+ 63. Ka5 Qc7+ 64. Kb4 Qe7+ 65. Ka4 gxh4 66. b4 h3 67. Rd3 Qh4 68. Be5 h2 69. Bxh2 Qxh2 70. b5 Qc2+ 71. Rb3 Qc8 72. Ka5 g5 73. b6 Qc5+ 74. Ka4 Qc4+ 75. Rb4 Qa6+ 76. Kb3 Qb7 77. a4 g4 78. a5 f5 79. a6 Qxa6 80. b7 Qd3+ 81. Ka4 Qa6+ 82. Kb3 Qd3+ 83. Ka4 Qd8 84. b8Q Qxb8 85. Rxb8 Kg6 86. Kb4 Kg5 87. Kc3 f4 88. Kd3 Kh4 89. Rf8 Kg3 90. Ke4 f3 91. Rf4 f2 92. Ke3 Kg2 93. Rxg4+ Kf1 94. Rf4 1-0

[Event "Klaipeda Rooks Cup"]
[Site "Klaipeda"]
[Date "2022.04.07"]
[Round "8"]
[White "Buivydas, Skirmantas"]
[Black "Januseviciute, Donata"]
[Result "1-0"]
[WhiteElo "1652"]
[BlackElo "1501"]
[PlyCount "89"]
[EventDate "2022.03.15"]
[EventType "swiss"]
[EventRounds "8"]
[EventCountry "LTU"]
[SourceTitle "CBM 207 Extra"]
[Source "ChessBase"]
[SourceDate "2022.05.31"]
[SourceVersion "1"]
[SourceVersionDate "2022.05.31"]
[SourceQuality "1"]

1. d4 c5 2. d5 e5 3. c4 d6 4. Nc3 f5 5. g3 Nf6 6. Bg2 Nbd7 7. Nh3 h6 8. e4 Nb6 9. Qd3 g6 10. f3 Bg7 11. Nf2 Bd7 12. Bd2 Nc8 13. 0-0 a6 14. f4 Ng4 15. Nxg4 fxg4 16. fxe5 Bxe5 17. Ne2 g5 18. Rf2 Ne7 19. Raf1 Ng6 20. Bc3 Qb6 21. Rf6 Bxc3 22. Qxc3 Ne5 23. Qxe5+ dxe5 24. Rxb6 0-0-0 25. Nc3 h5 26. Rg6 Rdg8 27. Rxg8+ Rxg8 28. Rf7 h4 29. Re7 b5 30. Rxe5 b4 31. Nd1 Kc7 32. Ne3 Kd6 33. Rf5 Bxf5 34. Nxf5+ Ke5 35. gxh4 gxh4 36. Nxh4 Kd4 37. Nf5+ Kxc4 38. e5 Kb5 39. d6 Kb6 40. e6 c4 41. Ne7 c3 42. bxc3 bxc3 43. Be4 Rg5 44. Nc8+ Kc5 45. d7 1-0

[Event "LTU-chT"]
[Site "Lithuania"]
[Date "2022.03.20"]
[Round "7.4"]
[White "Buivydas, Skirmantas"]
[Black "Ziogas, Modestas"]
[Result "0-1"]
[WhiteElo "1652"]
[BlackElo "2113"]
[PlyCount "74"]
[EventDate "2022.03.11"]
[EventType "team-swiss"]
[EventRounds "7"]
[EventCountry "LTU"]
[SourceTitle "CBM 207 Extra"]
[Source "ChessBase"]
[SourceDate "2022.05.31"]
[SourceVersion "1"]
[SourceVersionDate "2022.05.31"]
[SourceQuality "1"]
[WhiteTeam "Klaipeda Klaipedos"]
[BlackTeam "Vilnius Juoda Balta"]
[WhiteTeamCountry "LTU"]
[BlackTeamCountry "LTU"]

1. e4 d5 2. exd5 Qxd5 3. Nc3 Qa5 4. d4 Nf6 5. Bc4 Nc6 6. Nge2 Bd7 7. 0-0 Qh5 8. Bf4 0-0-0 9. Ng3 Qxd1 10. Raxd1 e6 11. Nb5 Ne8 12. a3 a6 13. Nc3 Bd6 14. Bxd6 Nxd6 15. Be2 f5 16. Rfe1 Ne7 17. Bf1 h5 18. Nb1 h4 19. Ne2 g5 20. Nd2 Ng6 21. c4 Bc6 22. Nc3 Rhe8 23. Nb3 h3 24. g3 g4 25. d5 exd5 26. cxd5 Bd7 27. Nc5 Ne5 28. Be2 Nb5 29. Nxd7 Rxd7 30. Kf1 Nd6 31. b4 Rde7 32. Na4 Ne4 33. d6 Nxd6 34. Nc5 Nb5 35. Nd3 Nc3 36. Rd2 Nxd3 37. Rxd3 Nxe2 0-1

[Event "LTU-ch Amateurs"]
[Site "Kaunas"]
[Date "2020.08.29"]
[Round "4"]
[White "Buivydas, Skirmantas"]
[Black "Andrijauskas, Domas"]
[Result "1-0"]
[WhiteElo "1701"]
[BlackElo "1239"]
[PlyCount "109"]
[EventDate "2020.08.27"]
[EventType "swiss"]
[EventRounds "7"]
[EventCountry "LTU"]
[SourceTitle "EXT 2022"]
[Source "ChessBase"]
[SourceDate "2021.10.06"]
[SourceVersion "1"]
[SourceVersionDate "2021.10.06"]
[SourceQuality "1"]

1. e4 c5 2. Nf3 g6 3. Bc4 Bg7 4. 0-0 e6 5. Nc3 Ne7 6. Re1 0-0 7. e5 d5 8. exd6 Qxd6 9. Ne4 Qc7 10. d3 b6 11. c3 Bb7 12. Bg5 Bxe4 13. dxe4 Rd8 14. Qe2 Nbc6 15. Rad1 Rxd1 16. Rxd1 Rd8 17. Rxd8+ Qxd8 18. Bf4 e5 19. Be3 Qd6 20. Ng5 Nd8 21. Qf3 Bf6 22. h4 Kg7 23. Qg4 h6 24. Nf3 h5 25. Qh3 Qc6 26. Nd2 a5 27. Kh2 b5 28. Be2 b4 29. Qg3 bxc3 30. bxc3 Kh7 31. f3 Bg7 32. Bc4 f6 33. Qf2 Nb7 34. Nb3 Qa4 35. Qe2 Qc6 36. Qd3 Bf8 37. Bb5 Qc7 38. Bc4 a4 39. Nd2 Kg7 40. Bb5 a3 41. Nc4 Nc8 42. Nxa3 Ncd6 43. Bc4 Na5 44. Bd5 c4 45. Qb1 Nxe4 46. Bxe4 Bxa3 47. Qb5 f5 48. Bd5 e4+ 49. g3 exf3 50. Bd4+ Kh7 51. Qe8 Kh6 52. Qh8+ Qh7 53. Be3+ g5 54. Bxg5+ Kg6 55. Qf6# 1-0

[Event "Klaipeda Sea op-B 16th"]
[Site "Klaipeda"]
[Date "2019.07.27"]
[Round "6"]
[White "Buivydas, Skirmantas"]
[Black "Barsciauskas, Gintautas"]
[Result "1/2-1/2"]
[WhiteElo "1748"]
[BlackElo "1598"]
[PlyCount "47"]
[EventDate "2019.07.22"]
[EventType "swiss"]
[EventRounds "7"]
[EventCountry "LTU"]
[SourceTitle "CBM 191 Extra"]
[Source "ChessBase"]
[SourceDate "2019.09.30"]
[SourceVersion "1"]
[SourceVersionDate "2019.09.30"]
[SourceQuality "1"]

1. Nf3 Nf6 2. d4 e6 3. c4 d5 4. g3 b6 5. Bg2 Bb4+ 6. Nbd2 0-0 7. 0-0 c6 8. Qc2 Ba6 9. Rd1 Qe7 10. Ne5 Nfd7 11. Nef3 Rc8 12. a3 Bd6 13. b3 e5 14. dxe5 Nxe5 15. Nxe5 Bxe5 16. Bb2 Nd7 17. e4 Bb7 18. exd5 cxd5 19. Re1 Qf6 20. Bxe5 Nxe5 21. Qc3 Ng4 22. Qxf6 Nxf6 23. Re7 Bc6 24. Rae1 1/2-1/2

[Event "LTU-chT"]
[Site "Lithuania"]
[Date "2019.04.27"]
[Round "6.10"]
[White "Buivydas, Skirmantas"]
[Black "Ridzvanavicius, Jonas"]
[Result "1/2-1/2"]
[WhiteElo "1764"]
[BlackElo "2048"]
[PlyCount "35"]
[EventDate "2019.01.26"]
[EventType "team-swiss"]
[EventRounds "7"]
[EventCountry "LTU"]
[SourceTitle "CBM 190 Extra"]
[Source "ChessBase"]
[SourceDate "2019.07.15"]
[SourceVersion "1"]
[SourceVersionDate "2019.07.15"]
[SourceQuality "1"]
[WhiteTeam "Klaipeda Bokstas"]
[BlackTeam "Kaunas Margiris III"]
[WhiteTeamCountry "LTU"]
[BlackTeamCountry "LTU"]

1. e4 c5 2. Nf3 e6 3. d4 cxd4 4. Nxd4 Nf6 5. Nc3 d6 6. Be3 a6 7. h3 b5 8. a3 Bb7 9. Qd3 Nbd7 10. f3 Be7 11. Be2 0-0 12. 0-0 Qc7 13. Qd2 Rac8 14. Bd3 Ne5 15. Qf2 Nc4 16. Bxc4 Qxc4 17. Nb3 Ba8 18. Rfd1 1/2-1/2

[Event "Klaipeda-ch"]
[Site "Klaipeda"]
[Date "2019.03.09"]
[Round "10"]
[White "Sibajeva, Marija"]
[Black "Buivydas, Skirmantas"]
[Result "0-1"]
[WhiteElo "2027"]
[BlackElo "1764"]
[PlyCount "40"]
[EventDate "2019.01.20"]
[EventType "tourn"]
[EventRounds "11"]
[EventCountry "LTU"]
[SourceTitle "CBM 189 Extra"]
[Source "ChessBase"]
[SourceDate "2019.06.03"]
[SourceVersion "1"]
[SourceVersionDate "2019.06.03"]
[SourceQuality "1"]

1. e4 e5 2. Nf3 Nc6 3. Bc4 Bc5 4. 0-0 Nf6 5. d4 Nxd4 6. Nxe5 0-0 7. Be3 Ne6 8. Bxe6 Bxe3 9. Bxf7+ Kh8 10. Bb3 d6 11. Nf7+ Rxf7 12. Bxf7 Bb6 13. Nc3 Ng4 14. h3 Ne5 15. Bb3 Qh4 16. Ne2 Bxh3 17. g3 Nf3+ 18. Kh1 Qh6 19. Qc1 g5 20. Rd1 Bf1# 0-1

[Event "Klaipeda-ch"]
[Site "Klaipeda"]
[Date "2019.03.03"]
[Round "9"]
[White "Gluchaciov, Nikolaj"]
[Black "Buivydas, Skirmantas"]
[Result "0-1"]
[WhiteElo "1745"]
[BlackElo "1764"]
[PlyCount "96"]
[EventDate "2019.01.20"]
[EventType "tourn"]
[EventRounds "11"]
[EventCountry "LTU"]
[SourceTitle "CBM 189 Extra"]
[Source "ChessBase"]
[SourceDate "2019.06.03"]
[SourceVersion "1"]
[SourceVersionDate "2019.06.03"]
[SourceQuality "1"]

1. e4 Nf6 2. Nc3 d5 3. exd5 Nxd5 4. Bc4 Nxc3 5. bxc3 e6 6. d4 Bd6 7. Nf3 0-0 8. 0-0 Nc6 9. a4 Bd7 10. Re1 h6 11. Ba2 Qf6 12. Rb1 Bc8 13. c4 b6 14. c3 e5 15. d5 Ne7 16. Nd2 Bf5 17. Rb3 Qg6 18. Bb1 Bxb1 19. Nxb1 f5 20. Ba3 Rf7 21. Bxd6 Qxd6 22. Na3 Ng6 23. Qa1 Nf4 24. Re3 c6 25. dxc6 Qxc6 26. f3 Qc5 27. Qe1 Nd3 28. Qe2 f4 29. Qxd3 Qxe3+ 30. Qxe3 fxe3 31. Nc2 e2 32. Kf2 Rc8 33. Ne3 e4 34. f4 e1Q+ 35. Kxe1 Rxf4 36. Rb5 Rc5 37. Rb2 Rf7 38. Rd2 Ra5 39. Ra2 Rd7 40. Nd5 b5 41. Rd2 bxa4 42. Nf6+ gxf6 43. Rxd7 a3 44. Rd1 Kf7 45. Ra1 Ke6 46. Ke2 Kd6 47. Ke3 Kc5 48. Kxe4 Kxc4 0-1

[Event "Klaipeda-ch"]
[Site "Klaipeda"]
[Date "2019.02.09"]
[Round "4"]
[White "Buivydas, Skirmantas"]
[Black "Zozulia, Alexander"]
[Result "0-1"]
[WhiteElo "1764"]
[BlackElo "2072"]
[PlyCount "72"]
[EventDate "2019.01.20"]
[EventType "tourn"]
[EventRounds "11"]
[EventCountry "LTU"]
[SourceTitle "CBM 189 Extra"]
[Source "ChessBase"]
[SourceDate "2019.06.03"]
[SourceVersion "1"]
[SourceVersionDate "2019.06.03"]
[SourceQuality "1"]

1. Nf3 g6 2. c4 Bg7 3. Nc3 e5 4. g3 Nc6 5. Bg2 d6 6. d3 h6 7. Bd2 Be6 8. Rb1 Qd7 9. h3 f5 10. b4 Nge7 11. b5 Nd8 12. Qc1 g5 13. h4 g4 14. Nh2 h5 15. a4 Rb8 16. Nd5 Nf7 17. 0-0 0-0 18. Be3 Bxd5 19. cxd5 f4 20. gxf4 Nf5 21. fxe5 Nxe5 22. Bg5 Ng6 23. Be4 Rbe8 24. Bxf5 Rxf5 25. e4 Rf7 26. Qe3 Ne5 27. Rbc1 Nf3+ 28. Kg2 Nxh2 29. Kxh2 Rf3 30. Qd2 Ref8 31. Kg2 Qf7 32. d4 g3 33. Rc3 gxf2 34. Be3 Qg6+ 35. Bg5 Qxe4 36. Re3 Rxe3+ 0-1

[Event "Klaipeda-ch"]
[Site "Klaipeda"]
[Date "2019.02.02"]
[Round "2"]
[White "Buivydas, Skirmantas"]
[Black "Jankus, Giedrius"]
[Result "1-0"]
[WhiteElo "1764"]
[BlackElo "1797"]
[PlyCount "65"]
[EventDate "2019.01.20"]
[EventType "tourn"]
[EventRounds "11"]
[EventCountry "LTU"]
[SourceTitle "CBM 189 Extra"]
[Source "ChessBase"]
[SourceDate "2019.06.03"]
[SourceVersion "1"]
[SourceVersionDate "2019.06.03"]
[SourceQuality "1"]

1. Nf3 d5 2. e3 c6 3. c4 e6 4. b3 Nf6 5. Bb2 Nbd7 6. Be2 b6 7. 0-0 Bd6 8. d4 Bb7 9. Nbd2 Qe7 10. Ne5 0-0 11. Bd3 c5 12. Qe2 cxd4 13. exd4 Ba3 14. Bxa3 Qxa3 15. Rae1 Rfd8 16. f4 g6 17. Qf2 Qd6 18. Ndf3 h6 19. Qh4 Qf8 20. g4 Ne4 21. f5 g5 22. Qh3 Qg7 23. Nxd7 Rxd7 24. Ne5 Rc7 25. cxd5 exd5 26. Bxe4 dxe4 27. f6 Qf8 28. Qh5 Qd6 29. Rd1 e3 30. Qxh6 Qf8 31. Qxg5+ Kh7 32. Qxe3 Rc2 33. Qd3+ 1-0

[Event "Vilnius Boksto op"]
[Site "Vilnius"]
[Date "2018.04.29"]
[Round "5"]
[White "Pocius, Vaclovas"]
[Black "Buivydas, Skirmantas"]
[Result "1-0"]
[WhiteElo "1706"]
[BlackElo "1765"]
[PlyCount "85"]
[EventDate "2018.04.08"]
[EventType "swiss"]
[EventRounds "7"]
[EventCountry "LTU"]
[SourceTitle "CBM 184 Extra"]
[Source "ChessBase"]
[SourceDate "2018.06.28"]
[SourceVersion "1"]
[SourceVersionDate "2018.06.28"]
[SourceQuality "1"]

1. d4 d5 2. Nc3 Nf6 3. Bg5 Nbd7 4. Nf3 c6 5. g3 h6 6. Bf4 g5 7. Bc1 Bg7 8. Bg2 Qc7 9. 0-0 g4 10. Nh4 Nf8 11. Re1 Be6 12. Qd3 N8h7 13. Nf5 Bxf5 14. Qxf5 e6 15. Qd3 0-0 16. Bf4 Qd8 17. Qd2 h5 18. Rad1 Nd7 19. e4 Qf6 20. e5 Qe7 21. Bf1 Rfe8 22. Bd3 a6 23. Ne2 c5 24. c3 c4 25. Bb1 b5 26. Kg2 a5 27. h3 f5 28. exf6 Ndxf6 29. hxg4 hxg4 30. Bg6 Ne4 31. Qe3 Rf8 32. Bxe4 dxe4 33. Qxe4 Nf6 34. Qg6 Qb7+ 35. Kg1 Qf3 36. Be5 Rf7 37. Nf4 Re8 38. Bxf6 Ref8 39. Nxe6 Re8 40. Nxg7 Rxe1+ 41. Rxe1 Rxf6 42. Re8+ Rf8 43. Nf5+ 1-0

[Event "Vilnius Boksto op"]
[Site "Vilnius"]
[Date "2018.04.22"]
[Round "3"]
[White "Buivydas, Skirmantas"]
[Black "Barsciauskas, Gintautas"]
[Result "1-0"]
[WhiteElo "1765"]
[BlackElo "1634"]
[PlyCount "73"]
[EventDate "2018.04.08"]
[EventType "swiss"]
[EventRounds "7"]
[EventCountry "LTU"]
[SourceTitle "CBM 184 Extra"]
[Source "ChessBase"]
[SourceDate "2018.06.28"]
[SourceVersion "1"]
[SourceVersionDate "2018.06.28"]
[SourceQuality "1"]

1. d4 Nf6 2. Nf3 e6 3. Bf4 d5 4. e3 Bd6 5. Bg3 b6 6. Nbd2 0-0 7. Ne5 c5 8. c3 Ba6 9. Be2 Qc7 10. Bxa6 Nxa6 11. Qe2 c4 12. 0-0 Rae8 13. a4 Nb8 14. e4 Nxe4 15. Nxe4 dxe4 16. Qxe4 f6 17. Nf3 Bxg3 18. hxg3 Qc6 19. Qh4 Qd7 20. Qh5 a6 21. Rfe1 Rd8 22. Qh3 Rfe8 23. g4 h6 24. Qh5 Qf7 25. Qh3 Rd5 26. Re3 Nc6 27. Nh4 g5 28. Nf3 Kg7 29. Qg3 Red8 30. Rae1 R8d6 31. Nd2 Na5 32. Ne4 Rd8 33. Nxf6 Qxf6 34. Rxe6 Qf4 35. Qh3 Rh8 36. Qh5 Qf6 37. Re7+ 1-0

[Event "LTU-ch"]
[Site "Kaunas"]
[Date "2018.03.03"]
[Round "3"]
[White "Buivydas, Skirmantas"]
[Black "Stauskas, Lukas"]
[Result "0-1"]
[WhiteElo "1757"]
[BlackElo "2315"]
[PlyCount "84"]
[EventDate "2018.03.02"]
[EventType "swiss"]
[EventRounds "9"]
[EventCountry "LTU"]
[SourceTitle "CBM 183 Extra"]
[Source "ChessBase"]
[SourceDate "2018.04.19"]
[SourceVersion "1"]
[SourceVersionDate "2018.04.19"]
[SourceQuality "1"]

1. d4 d5 2. Nf3 Nf6 3. e3 c5 4. b3 Nc6 5. Be2 cxd4 6. exd4 Bf5 7. a3 e6 8. 0-0 Be7 9. Nbd2 0-0 10. Bb2 Qb6 11. c4 dxc4 12. Nxc4 Qd8 13. Nh4 Be4 14. Nf3 Rc8 15. Rc1 b5 16. Ncd2 Bxf3 17. Nxf3 Qb6 18. Qd3 a6 19. Ne5 Rfd8 20. Nxc6 Rxc6 21. Rxc6 Qxc6 22. Rc1 Qd6 23. Qc2 h6 24. Bf3 Nd5 25. Qc6 Bf6 26. g3 Ne7 27. Qc7 Nf5 28. Qb7 Bxd4 29. Rd1 Bxf2+ 30. Kxf2 Qc5+ 31. Kg2 Qc2+ 32. Kg1 Rxd1+ 33. Bxd1 Qxb2 34. Qxa6 Qc3 35. Kf2 Qd2+ 36. Be2 Qe3+ 37. Kf1 Qxb3 38. Bxb5 Qf3+ 39. Ke1 Qh1+ 40. Bf1 Qxh2 41. Qc8+ Kh7 42. Qc3 Nxg3 0-1

[Event "LTU-chT"]
[Site "Lithuania"]
[Date "2018.01.28"]
[Round "2.5"]
[White "Buivydas, Skirmantas"]
[Black "Balanda, Audrius"]
[Result "1-0"]
[WhiteElo "1782"]
[BlackElo "1596"]
[PlyCount "101"]
[EventDate "2018.01.27"]
[EventType "team-swiss"]
[EventRounds "7"]
[EventCountry "LTU"]
[SourceTitle "EXT 2019"]
[Source "ChessBase"]
[SourceDate "2018.10.10"]
[SourceVersion "1"]
[SourceVersionDate "2018.10.10"]
[SourceQuality "1"]
[WhiteTeam "Klaipeda Nesunaikinami"]
[BlackTeam "Marijampole Suduva"]
[WhiteTeamCountry "LTU"]
[BlackTeamCountry "LTU"]

1. d4 d5 2. Nf3 Nf6 3. Bf4 e6 4. e3 Bd6 5. Bg3 c5 6. c3 Qb6 7. Bxd6 Qxd6 8. Ne5 0-0 9. Nd2 Nc6 10. f4 Nd7 11. Bd3 f5 12. 0-0 Nf6 13. Kh1 Bd7 14. Nxd7 Nxd7 15. g4 Ne7 16. g5 g6 17. Qe1 Rf7 18. Qh4 Kf8 19. Nf3 Qb6 20. Rab1 Ke8 21. Qf2 Nc8 22. h4 Nd6 23. Kg2 Ke7 24. h5 Rg8 25. hxg6 hxg6 26. Rh1 Qd8 27. Rh6 Rfg7 28. Rbh1 Nf7 29. R6h3 Qa5 30. Bb1 b5 31. dxc5 b4 32. cxb4 Qxb4 33. c6 Nb6 34. Rc1 Rc8 35. a3 Qa4 36. Nd4 Rc7 37. Bd3 Nd6 38. Qc2 Qxc2+ 39. Rxc2 Nbc4 40. Kf2 Na5 41. b3 Ne4+ 42. Bxe4 fxe4 43. Rc5 Rf7 44. Kg3 Nxb3 45. Nxb3 Kd6 46. Rh8 e5 47. Rd8+ Ke7 48. Rdxd5 exf4+ 49. exf4 Kf8 50. Re5 Rfe7 51. Nd4 1-0

[Event "Klaipeda New Year"]
[Site "Klaipeda"]
[Date "2017.12.30"]
[Round "5.4"]
[White "Buivydas, Skirmantas"]
[Black "Zinovjev, Oleg"]
[Result "0-1"]
[WhiteElo "1782"]
[BlackElo "1359"]
[PlyCount "52"]
[EventDate "2017.12.26"]
[EventType "swiss"]
[EventRounds "5"]
[EventCountry "LTU"]
[SourceTitle "EXT 2024"]
[Source "ChessBase"]
[SourceDate "2023.10.10"]
[SourceVersion "1"]
[SourceVersionDate "2023.10.10"]
[SourceQuality "1"]

1. Nf3 Nf6 2. g3 e6 3. Bg2 d5 4. d3 c5 5. 0-0 Be7 6. Nbd2 0-0 7. e4 Nc6 8. Qe2 Qc7 9. c3 b6 10. Ne1 dxe4 11. dxe4 Bb7 12. f4 Rad8 13. e5 Nd5 14. Ne4 Qc8 15. Qc2 Ba6 16. Rf3 h6 17. Nd3 Rd7 18. Bd2 Rfd8 19. Re1 Bxd3 20. Rxd3 Ndb4 21. cxb4 Rxd3 22. bxc5 Bxc5+ 23. Kh1 Nb4 24. Qc1 R3d7 25. Nxc5 Rxd2 26. a3 Qxc5 0-1

[Event "Klaipeda New Year"]
[Site "Klaipeda"]
[Date "2017.12.28"]
[Round "3.2"]
[White "Pidluznij, Gleb"]
[Black "Buivydas, Skirmantas"]
[Result "1-0"]
[WhiteElo "1756"]
[BlackElo "1782"]
[PlyCount "83"]
[EventDate "2017.12.26"]
[EventType "swiss"]
[EventRounds "5"]
[EventCountry "LTU"]
[SourceTitle "EXT 2024"]
[Source "ChessBase"]
[SourceDate "2023.10.10"]
[SourceVersion "1"]
[SourceVersionDate "2023.10.10"]
[SourceQuality "1"]

1. d4 Nf6 2. Bf4 g6 3. e3 Bg7 4. h3 0-0 5. Nd2 d6 6. Ngf3 Nbd7 7. c3 Re8 8. Bc4 e6 9. 0-0 h6 10. Qe2 e5 11. dxe5 dxe5 12. Bh2 e4 13. Bxf7+ Kxf7 14. Qc4+ Re6 15. Nd4 Nb6 16. Qb3 c6 17. Rad1 Qd5 18. Qxd5 Nbxd5 19. Nxe6 Bxe6 20. Nc4 Kg8 21. Na5 Nd7 22. Nxb7 a5 23. Nd6 Nc5 24. Rd2 a4 25. Rb1 a3 26. Bg3 Kh7 27. Kh2 axb2 28. Rdxb2 Nxc3 29. Rf1 Rxa2 30. Rb6 Bd5 31. Rb8 Ne2 32. Rbb1 Rc2 33. Nb7 Ba2 34. Rb6 Nxb7 35. Rxb7 c5 36. Be5 h5 37. Bxg7 Bd5 38. Rc7 c4 39. Rd1 Be6 40. Rd6 Bf5 41. Bf8+ Kg8 42. Rd8 1-0

[Event "Klaipeda New Year"]
[Site "Klaipeda"]
[Date "2017.12.26"]
[Round "1.4"]
[White "Buivydas, Skirmantas"]
[Black "Scekaciov, Rostislav"]
[Result "1-0"]
[WhiteElo "1782"]
[BlackElo "1332"]
[PlyCount "47"]
[EventDate "2017.12.26"]
[EventType "swiss"]
[EventRounds "5"]
[EventCountry "LTU"]
[SourceTitle "EXT 2024"]
[Source "ChessBase"]
[SourceDate "2023.10.10"]
[SourceVersion "1"]
[SourceVersionDate "2023.10.10"]
[SourceQuality "1"]

1. d4 Nf6 2. c4 g6 3. Nc3 Bg7 4. e4 d6 5. Bg5 0-0 6. Qd2 e5 7. d5 Nbd7 8. 0-0-0 a5 9. f3 Nc5 10. g4 Qe8 11. h4 h5 12. Bxf6 Bxf6 13. gxh5 gxh5 14. Qh6 Bg7 15. Qxh5 f5 16. Qg5 fxe4 17. fxe4 Rf6 18. h5 Kh7 19. Kb1 a4 20. Bh3 Bxh3 21. Nxh3 a3 22. b3 Qf7 23. Qg2 Rf8 24. Ng5+ 1-0

[Event "Klaipeda-ch sf"]
[Site "Klaipeda"]
[Date "2017.10.15"]
[Round "7"]
[White "Zozulia, Alexander"]
[Black "Buivydas, Skirmantas"]
[Result "1-0"]
[WhiteElo "2073"]
[BlackElo "1795"]
[PlyCount "83"]
[EventDate "2017.09.17"]
[EventType "swiss"]
[EventRounds "9"]
[EventCountry "LTU"]
[SourceTitle "EXT 2019"]
[Source "ChessBase"]
[SourceDate "2018.10.10"]
[SourceVersion "1"]
[SourceVersionDate "2018.10.10"]
[SourceQuality "1"]

1. e4 Nf6 2. Nc3 d5 3. e5 d4 4. exf6 dxc3 5. fxg7 cxd2+ 6. Qxd2 Qxd2+ 7. Bxd2 Bxg7 8. 0-0-0 0-0 9. Nf3 Nd7 10. Bc4 Nb6 11. Be2 a5 12. Be3 Na4 13. Bd4 c6 14. Rhe1 Bxd4 15. Rxd4 Nb6 16. Bd3 Nd5 17. Rh4 f6 18. Bxh7+ Kf7 19. c4 Nc7 20. Bd3 Ne8 21. c5 e5 22. Bc4+ Be6 23. Bxe6+ Kxe6 24. Rh7 Rd8 25. Rxb7 Rd5 26. Kb1 Rxc5 27. Rc1 Kd6 28. Rd7+ Kxd7 29. Rxc5 Rg8 30. g3 a4 31. Ra5 Rg4 32. Rxe5 Nd6 33. Re1 Nc4 34. Rd1+ Ke7 35. Rd4 f5 36. h3 Re4 37. Rxe4+ fxe4 38. Nd4 c5 39. Ne2 Kf6 40. Nc3 Ke5 41. Nxa4 Kd4 42. Kc2 1-0

[Event "Klaipeda-ch sf"]
[Site "Klaipeda"]
[Date "2017.10.08"]
[Round "6"]
[White "Buivydas, Skirmantas"]
[Black "Piksrys, Rutenis"]
[Result "1-0"]
[WhiteElo "1795"]
[BlackElo "1529"]
[PlyCount "85"]
[EventDate "2017.09.17"]
[EventType "swiss"]
[EventRounds "9"]
[EventCountry "LTU"]
[SourceTitle "EXT 2019"]
[Source "ChessBase"]
[SourceDate "2018.10.10"]
[SourceVersion "1"]
[SourceVersionDate "2018.10.10"]
[SourceQuality "1"]

1. d4 b6 2. Nf3 Bb7 3. Bf4 d6 4. e3 e6 5. Bd3 g6 6. Nbd2 Bg7 7. e4 Nd7 8. e5 dxe5 9. dxe5 Ne7 10. Qe2 a6 11. Be4 Qb8 12. 0-0-0 Nc5 13. h4 h6 14. Rh3 Qa7 15. Bxb7 Qxb7 16. Nb3 Qe4 17. Qd2 Nxb3+ 18. axb3 Nd5 19. Bg3 0-0-0 20. Re1 Qb4 21. Qd3 Qa5 22. c3 Nf4 23. Qe4 Nxh3 24. Qa8+ Kd7 25. Qb7 Qc5 26. b4 Qc4 27. Re4 Qf1+ 28. Re1 Rb8 29. Qe4 Qb5 30. Rd1+ Ke7 31. Nd4 Nxf2 32. Bxf2 Qe8 33. Nc6+ Kf8 34. Nxb8 Qxb8 35. h5 g5 36. Rd7 c5 37. bxc5 Bxe5 38. cxb6 Bf4+ 39. Kb1 Qe8 40. Bc5+ Kg8 41. Qd3 Be5 42. Rd8 Kg7 43. Rxe8 1-0

[Event "Klaipeda-ch sf"]
[Site "Klaipeda"]
[Date "2017.10.07"]
[Round "5"]
[White "Barsciauskas, Gintautas"]
[Black "Buivydas, Skirmantas"]
[Result "1/2-1/2"]
[WhiteElo "1672"]
[BlackElo "1795"]
[PlyCount "78"]
[EventDate "2017.09.17"]
[EventType "swiss"]
[EventRounds "9"]
[EventCountry "LTU"]
[SourceTitle "EXT 2019"]
[Source "ChessBase"]
[SourceDate "2018.10.10"]
[SourceVersion "1"]
[SourceVersionDate "2018.10.10"]
[SourceQuality "1"]

1. Nf3 c5 2. c4 Nf6 3. Nc3 d5 4. cxd5 Nxd5 5. e3 e6 6. Bb5+ Bd7 7. Bc4 Nb6 8. Be2 Nc6 9. 0-0 Be7 10. b3 0-0 11. Bb2 Bf6 12. Rb1 Rc8 13. Ne4 Bxb2 14. Rxb2 Qe7 15. d4 cxd4 16. Nxd4 Rfd8 17. Rd2 Nd5 18. Bc4 Nxd4 19. Rxd4 Bc6 20. Qa1 Nb6 21. Ng3 Rxd4 22. Qxd4 Rd8 23. Qc3 g6 24. Rc1 Qd6 25. Nf1 Qe7 26. Ng3 Qg5 27. a4 h5 28. f4 Qc5 29. Nf1 Nd5 30. Bxd5 Qxd5 31. Rc2 Qe4 32. Rd2 Bd5 33. Qd4 Qxd4 34. Rxd4 Rc8 35. Nd2 Rc3 36. e4 Bxb3 37. Rb4 Bc2 38. Rxb7 Bxa4 39. Rxa7 Bb5 1/2-1/2

[Event "LTU-chT"]
[Site "Lithuania"]
[Date "2017.03.18"]
[Round "6.8"]
[White "Buivydas, Skirmantas"]
[Black "Vysniauskas, Ovidijus"]
[Result "1-0"]
[WhiteElo "1789"]
[BlackElo "1992"]
[PlyCount "69"]
[EventDate "2017.01.28"]
[EventType "team-swiss"]
[EventRounds "7"]
[EventCountry "LTU"]
[SourceTitle "EXT 2018"]
[Source "ChessBase"]
[SourceDate "2017.10.13"]
[SourceVersion "1"]
[SourceVersionDate "2017.10.13"]
[SourceQuality "1"]
[WhiteTeam "Klaipeda"]
[BlackTeam "Vilkaviskis Sirvinta"]
[WhiteTeamCountry "LTU"]
[BlackTeamCountry "LTU"]

1. d4 d5 2. Nf3 Nf6 3. Bf4 Bf5 4. e3 e6 5. Bd3 Bxd3 6. Qxd3 Nbd7 7. 0-0 c5 8. Nbd2 Be7 9. h3 0-0 10. c3 Qb6 11. Rab1 Bd6 12. Ne5 Qc7 13. Ndf3 h6 14. Nxd7 Nxd7 15. Bxd6 Qxd6 16. e4 c4 17. e5 Qa6 18. Qc2 Qxa2 19. Ra1 Qb3 20. Qxb3 cxb3 21. Nd2 a5 22. Nxb3 a4 23. Nc1 b5 24. f4 g6 25. Nd3 Rac8 26. g4 Rc6 27. f5 g5 28. f6 Rfc8 29. Kg2 Kh7 30. Rh1 Rh8 31. h4 Rg8 32. Kf3 Rcc8 33. hxg5 Rxg5 34. Rxh6+ Kxh6 35. Rh1+ 1-0